| 000 | 00690nam a2200253 i 4500 | ||
|---|---|---|---|
| 003 | DO-SdBNP | ||
| 005 | 20240703115446.0 | ||
| 007 | ta | ||
| 008 | 240703b2013 xxu||||| |||| 00| 0 spa d | ||
| 020 | _a9780425266519 | ||
| 040 |
_aDO-SdBNP _bspa _cBNPHU _erda |
||
| 041 | 0 | _heng | |
| 082 | 4 | _222 | |
| 100 | 1 |
_aReynard, Sylvain, _eautor _985940 |
|
| 245 | 1 | 0 |
_aGabriel s redemption / _cSylvain Reynard |
| 264 |
_aEstados Unidos : _bBerkley, _c2013. |
||
| 300 |
_a480 páginas ; _c21 cm. |
||
| 336 |
_2rdacontent _atexto _btxt |
||
| 337 |
_2rdamedia _asin mediación _bn |
||
| 338 |
_2rdacarrier _avolumen _bnc |
||
| 590 | _aInventariado, 2024/BT | ||
| 910 | _aBtavárez | ||
| 942 |
_2ddc _cLBS1 |
||
| 999 |
_c57133 _d57133 |
||